00858nam 22002293 4500001000700000010003200007021002300039090001100062100004100073200005500114210005200169215005600221300005600277327000700333606011100340675001600451700005000467801001800517830001000535990001100545995007200556202829 a978-972-27-1540-9 (vol. IX) aPTb252430/07 (IX) a202829 a20260701d u||y0pory50 ba aEtnografia PortuguesafJosé Leite de Vasconcelos a[Lisboa]cImprensa Nacional-Casa da Moedad2007 avol. IX; [XVI], 722, [4] p.cil. ; brochadod29 cm  areimpressão fac-similada da edição de 1985  a  92051aAntropologia Cultural. Etnologia. Etnografia. Usos e Costumes. Tradições. Modo de vida. Folclore a39vPTzpor 96202aVasconcelosbJosé Leite def1858-1941 aPTbBMMNgRPC cVanda cLIVROS 002052026-07-01932639bBMMNf32350k39 VAS|DEPo0rLIVROSsOferta